[Event "Stuttgart-chB int"]
[Site "Ditzingen"]
[Date "2013.05.09"]
[Round "1"]
[White "Trobonjaca, Milos"]
[Black "Rieder, Josef"]
[Result "0-1"]
[WhiteElo "1653"]
[BlackElo "1818"]
[PlyCount "128"]
[EventDate "2013.05.09"]
[EventType "swiss"]
[EventRounds "7"]
[EventCountry "GER"]
[SourceTitle "EXT 2014"]
[Source "ChessBase"]
[SourceDate "2013.11.20"]
[SourceVersion "1"]
[SourceVersionDate "2013.11.20"]
[SourceQuality "1"]

1. Nf3 c5 2. c4 Nf6 3. g3 e6 4. Nc3 d5 5. cxd5 exd5 6. d4 Nc6 7. Bg2 Be6 8. Bf4 Be7 9. Nb5 Qa5+ 10. Nc3 Ne4 11. Qa4 Qxa4 12. Nxa4 cxd4 13. b3 Bb4+ 14. Bd2 Nxd2 15. Nxd2 0-0 16. a3 Be7 17. 0-0 Rac8 18. b4 Ne5 19. Nf3 f6 20. Nxd4 Bf7 21. Nf5 Rfe8 22. Bh3 Rc7 23. Rac1 Nc4 24. Nb2 Bd8 25. Nxc4 dxc4 26. Nd6 Rxe2 27. Rfd1 Be7 28. Bg4 Ra2 29. Rc3 a6 30. b5 g6 31. b6 Rc6 32. Nxb7 Rxb6 33. Rd7 Bxa3 34. Nd8 f5 35. Bf3 Rd6 36. Rxd6 Bxd6 37. Nxf7 Kxf7 38. Rxc4 Ke7 39. Bd5 a5 40. Rc8 Ra1+ 41. Kg2 a4 42. f3 a3 43. Ra8 Bc5 44. Ra6 Rg1+ 45. Kh3 Rd1 46. Bg8 Rd2 47. g4 Rd6 48. Rxd6 Bxd6 49. gxf5 gxf5 50. Kg2 Kf6 51. h3 Ke5 52. Kf2 Kd4 53. h4 h6 54. h5 Bf4 55. Ke2 Kc3 56. Be6 Bg5 57. Bf7 Kb2 58. Kd3 a2 59. Bxa2 Kxa2 60. Kc3 Kb1 61. Kd4 Kc2 62. Kc5 f4 63. Kd4 Kd2 64. Ke4 Ke2 0-1

[Event "Stuttgart-chB int"]
[Site "Ditzingen"]
[Date "2012.05.17"]
[Round "1"]
[White "Trobonjaca, Milos"]
[Black "Issaad, Pascal"]
[Result "0-1"]
[WhiteElo "1617"]
[BlackElo "1828"]
[PlyCount "83"]
[EventDate "2012.05.17"]
[EventType "swiss"]
[EventRounds "7"]
[EventCountry "GER"]
[SourceTitle "EXT 2018"]
[Source "ChessBase"]
[SourceDate "2017.10.13"]
[SourceVersion "1"]
[SourceVersionDate "2017.10.13"]
[SourceQuality "1"]

1. Nf3 Nf6 2. d4 d5 3. Bf4 e6 4. Nbd2 c5 5. e3 Nc6 6. Bb5 Bd7 7. 0-0 Be7 8. c4 0-0 9. a3 a6 10. Bxc6 Bxc6 11. b3 dxc4 12. Nxc4 Bxf3 13. Qxf3 Nd5 14. Bg3 cxd4 15. exd4 Rc8 16. Rfc1 b5 17. Ne5 Rxc1+ 18. Rxc1 Bxa3 19. Rc6 Nb4 20. h3 Nxc6 21. Nxc6 Qd5 22. Qc3 Bd6 23. Be5 f6 24. Bg3 Rf7 25. Nb4 Bxb4 26. Qxb4 Rd7 27. Qa3 Qc6 28. Qa1 Qb6 29. Bf4 Qxd4 30. Qc1 Qd1+ 31. Kh2 Qxc1 32. Bxc1 a5 33. Be3 a4 34. bxa4 bxa4 35. Bc5 Rc7 36. Bd6 Rc3 37. Bb4 Rb3 38. Bc5 a3 39. f3 a2 40. Bd4 e5 41. Ba1 Rb1 42. Bc3 0-1

[Event "Stuttgart-chB int"]
[Site "Gerlingen"]
[Date "2011.06.03"]
[Round "4"]
[White "Trobonjaca, Milos"]
[Black "Groetzinger, Werner"]
[Result "1-0"]
[WhiteElo "1647"]
[BlackElo "1417"]
[PlyCount "103"]
[EventDate "2011.06.02"]
[EventType "swiss"]
[EventRounds "7"]
[EventCountry "GER"]
[SourceTitle "EXT 2018"]
[Source "ChessBase"]
[SourceDate "2017.10.13"]
[SourceVersion "1"]
[SourceVersionDate "2017.10.13"]
[SourceQuality "1"]

1. d4 e6 2. e4 g6 3. c4 Bg7 4. e5 b6 5. Nf3 Bb7 6. Bg5 Ne7 7. Nbd2 h6 8. Bh4 c6 9. Ne4 g5 10. Bg3 0-0 11. Qc2 Nf5 12. 0-0-0 a5 13. h4 g4 14. Nfd2 Nxd4 15. Qd3 c5 16. Nd6 Bc6 17. f3 gxf3 18. gxf3 Na6 19. a3 Rb8 20. Rg1 f6 21. Be2 f5 22. Bf2 Nxe2+ 23. Qxe2 Kh7 24. f4 Rg8 25. Qh5 Qe7 26. Qg6+ Kh8 27. Nf7+ Qxf7 28. Qxf7 Rbf8 29. Qh5 Nc7 30. Nf3 Bxf3 31. Rxg7 Rxg7 32. Qxf3 Ne8 33. Rg1 Rxg1+ 34. Bxg1 Rg8 35. Bf2 Rg4 36. Kb1 Ng7 37. Qb7 Rxf4 38. Be3 Rxc4 39. Qxd7 Rxh4 40. Qb7 f4 41. Qe4 Nf5 42. Bxf4 Kg7 43. Qg2+ Kh7 44. Bd2 c4 45. Qb7+ Kg6 46. Qxb6 Nd4 47. Bxa5 Rh1+ 48. Ka2 Nb3 49. Qxe6+ Kg5 50. Bd8+ Kf4 51. Qxc4+ Kxe5 52. Qxb3 1-0

[Event "Stuttgart-chB int"]
[Site "Ditzingen"]
[Date "2010.05.16"]
[Round "7"]
[White "Kalwei, Reinhard"]
[Black "Trobonjaca, Milos"]
[Result "0-1"]
[WhiteElo "1319"]
[BlackElo "1658"]
[PlyCount "64"]
[EventDate "2010.05.13"]
[EventType "swiss"]
[EventRounds "7"]
[EventCountry "GER"]
[SourceTitle "EXT 2018"]
[Source "ChessBase"]
[SourceDate "2017.10.13"]
[SourceVersion "1"]
[SourceVersionDate "2017.10.13"]
[SourceQuality "1"]

1. e4 c5 2. c3 Nc6 3. Nf3 a6 4. d4 cxd4 5. cxd4 d5 6. Nc3 dxe4 7. Nxe4 e6 8. Be2 Qd5 9. Nc3 Qd8 10. 0-0 h6 11. Be3 Nf6 12. h3 Be7 13. a3 0-0 14. Bc4 Na5 15. Ba2 b5 16. Qc2 Bb7 17. Nh2 Qc7 18. Rac1 Bd6 19. Ng4 Nxg4 20. hxg4 Qe7 21. Bb1 f5 22. f4 Nc4 23. Qf2 Rae8 24. Rce1 Nxe3 25. Rxe3 Qf6 26. gxf5 exf5 27. Ba2+ Kh8 28. Rxe8 Rxe8 29. Bd5 Bc8 30. Bc6 Rf8 31. d5 Qe7 32. g3 Bc5 0-1

[Event "Stuttgart-chB int"]
[Site "Ditzingen"]
[Date "2010.05.15"]
[Round "6"]
[White "Trobonjaca, Milos"]
[Black "Kanz, Edwin"]
[Result "0-1"]
[WhiteElo "1658"]
[BlackElo "1414"]
[PlyCount "94"]
[EventDate "2010.05.13"]
[EventType "swiss"]
[EventRounds "7"]
[EventCountry "GER"]
[SourceTitle "EXT 2018"]
[Source "ChessBase"]
[SourceDate "2017.10.13"]
[SourceVersion "1"]
[SourceVersionDate "2017.10.13"]
[SourceQuality "1"]

1. Nf3 c5 2. g3 e6 3. Bg2 Nf6 4. d3 d5 5. c3 Bd6 6. 0-0 0-0 7. Be3 Nc6 8. Nbd2 Qc7 9. Nb3 b6 10. Bg5 Nd7 11. Qc1 Bb7 12. Bh6 gxh6 13. Qxh6 Be7 14. d4 Kh8 15. Rfe1 Rg8 16. Qh5 Rg7 17. Rad1 Nf6 18. Qh6 Rg6 19. Qc1 Ne4 20. e3 Rag8 21. Nbd2 f5 22. Nf1 Ba6 23. b3 Bf6 24. c4 dxc4 25. bxc4 cxd4 26. exd4 Ne7 27. Ne3 Rc8 28. Re2 Bxc4 29. Rc2 b5 30. a4 a6 31. d5 exd5 32. Nxd5 Nxd5 33. Rxd5 Rd8 34. Rxf5 Qd7 35. Rh5 Qd1+ 36. Ne1 Qxh5 37. Bxe4 Rd1 38. Qe3 Bd4 39. Bf3 Bxe3 40. Bxh5 Rxe1+ 41. Kg2 Bd5+ 42. Kh3 Be6+ 43. Kg2 Rg5 44. Bf3 Bc5 45. axb5 axb5 46. h4 Rge5 47. Bc6 Bd5+ 0-1

[Event "Stuttgart-chB int"]
[Site "Ditzingen"]
[Date "2010.05.13"]
[Round "2"]
[White "Trobonjaca, Milos"]
[Black "Herkommer, Andreas"]
[Result "0-1"]
[WhiteElo "1658"]
[BlackElo "1501"]
[PlyCount "117"]
[EventDate "2010.05.13"]
[EventType "swiss"]
[EventRounds "7"]
[EventCountry "GER"]
[SourceTitle "EXT 2018"]
[Source "ChessBase"]
[SourceDate "2017.10.13"]
[SourceVersion "1"]
[SourceVersionDate "2017.10.13"]
[SourceQuality "1"]

1. e4 e5 2. Nc3 Nf6 3. a3 Bc5 4. Nf3 d6 5. h3 Be6 6. Bb5+ c6 7. Be2 0-0 8. d3 h6 9. Be3 Nbd7 10. Qd2 Bxe3 11. Qxe3 d5 12. exd5 Nxd5 13. Nxd5 Bxd5 14. 0-0-0 b5 15. g4 a5 16. c4 Bxf3 17. Bxf3 Rc8 18. Kb1 b4 19. a4 Re8 20. h4 Qe7 21. b3 Nc5 22. Ka2 Ne6 23. Qxe5 Qd7 24. Qxa5 Nd4 25. Be4 Qxg4 26. Rb1 Qf4 27. Rb2 f5 28. Qc5 fxe4 29. Qxd4 Rcd8 30. Qc5 exd3 31. Qxb4 d2 32. Rd1 Qxf2 33. Rbxd2 Rxd2+ 34. Rxd2 Qxh4 35. Qa5 Qf6 36. Qb6 Kh7 37. Rb2 Re1 38. Qf2 Qxf2 39. Rxf2 Re7 40. a5 c5 41. Ka3 Rb7 42. Rf5 g5 43. Rxc5 g4 44. Rd5 g3 45. Rd1 h5 46. c5 h4 47. c6 Rb8 48. Rd7+ Kg6 49. a6 g2 50. Rd1 h3 51. c7 Ra8 52. Rg1 Rxa6+ 53. Kb2 Ra8 54. Rc1 Rc8 55. b4 h2 56. Rc6+ Kf5 57. b5 g1Q 58. b6 Qd4+ 59. Ka3 0-1

[Event "Stuttgart-chB int"]
[Site "Ditzingen"]
[Date "2009.05.21"]
[Round "3"]
[White "Grunow, Carmen"]
[Black "Trobonjaca, Milos"]
[Result "0-1"]
[WhiteElo "1486"]
[BlackElo "1665"]
[PlyCount "80"]
[EventDate "2009.05.21"]
[EventType "swiss"]
[EventRounds "7"]
[EventCountry "GER"]
[SourceTitle "EXT 2018"]
[Source "ChessBase"]
[SourceDate "2017.10.13"]
[SourceVersion "1"]
[SourceVersionDate "2017.10.13"]
[SourceQuality "1"]

1. e4 c5 2. Nf3 Nf6 3. Nc3 Nc6 4. Bb5 Nd4 5. d3 a6 6. Bc4 e6 7. Be3 b5 8. Bb3 Nxb3 9. cxb3 d6 10. Ne2 Be7 11. Rc1 0-0 12. 0-0 Bb7 13. Ng3 Rc8 14. Bg5 Nd7 15. Bxe7 Qxe7 16. Re1 f6 17. d4 Rfe8 18. d5 g6 19. Qd2 Kg7 20. h4 h5 21. Nf5+ gxf5 22. exf5 e5 23. Re4 Rg8 24. Kh2 Kh7 25. Rg1 Rg4 26. Rxg4 hxg4 27. Ne1 Nb6 28. Qd1 Rg8 29. f3 Qg7 30. fxg4 Qxg4 31. Qxg4 Rxg4 32. Kh3 Rg7 33. g4 Nxd5 34. g5 Bc8 35. g6+ Kh6 36. Rf1 Kh5 37. Ng2 Ne7 38. Ne3 Rxg6 39. Rf2 Rg8 40. Kh2 d5 0-1

[Event "Stuttgart-chB int"]
[Site "Ditzingen"]
[Date "2009.05.21"]
[Round "2"]
[White "Trobonjaca, Milos"]
[Black "Gorb, Eugeniusz"]
[Result "0-1"]
[WhiteElo "1665"]
[BlackElo "1537"]
[PlyCount "80"]
[EventDate "2009.05.21"]
[EventType "swiss"]
[EventRounds "7"]
[EventCountry "GER"]
[SourceTitle "EXT 2018"]
[Source "ChessBase"]
[SourceDate "2017.10.13"]
[SourceVersion "1"]
[SourceVersionDate "2017.10.13"]
[SourceQuality "1"]

1. Nf3 d5 2. d4 e6 3. Bg5 Be7 4. Bf4 c5 5. c3 Nc6 6. e3 a6 7. Nbd2 Nf6 8. Ne5 0-0 9. f3 Nh5 10. g3 f6 11. Nxc6 bxc6 12. Qc2 Bd6 13. Bxd6 Qxd6 14. 0-0-0 c4 15. g4 Nf4 16. exf4 a5 17. f5 a4 18. a3 Bd7 19. Kb1 Ra7 20. Ka1 Rb8 21. h4 Rab7 22. Rb1 Rb3 23. Be2 Rxa3+ 24. bxa3 Qxa3+ 25. Qa2 Qxc3+ 26. Rb2 a3 27. Rhb1 Ra8 28. Nxc4 dxc4 29. Bxc4 axb2+ 30. Rxb2 Rxa2+ 31. Bxa2 Kf7 32. Bb3 Qxd4 33. Ka2 c5 34. Re2 c4 35. Re4 cxb3+ 36. Kxb3 Qd3+ 37. Kb4 Qxf3 38. fxe6+ Bxe6 39. Rd4 Qb3+ 40. Kc5 Qc3+ 0-1

[Event "Stuttgart-chB int"]
[Site "Ditzingen"]
[Date "2008.05.02"]
[Round "4"]
[White "Trobonjaca, Milos"]
[Black "Von Borstel, Andreas"]
[Result "0-1"]
[WhiteElo "1687"]
[BlackElo "1496"]
[PlyCount "109"]
[EventDate "2008.05.01"]
[EventType "swiss"]
[EventRounds "7"]
[EventCountry "GER"]
[SourceTitle "EXT 2018"]
[Source "ChessBase"]
[SourceDate "2017.10.13"]
[SourceVersion "1"]
[SourceVersionDate "2017.10.13"]
[SourceQuality "1"]

1. c4 e5 2. e4 Nf6 3. d3 Nc6 4. Nf3 Bc5 5. Be2 d6 6. Nc3 Bg4 7. 0-0 Bxf3 8. Bxf3 Nd4 9. Bg5 h6 10. Be3 0-0 11. a3 a6 12. b4 Ba7 13. Be2 Re8 14. Nd5 c6 15. Nxf6+ Qxf6 16. Rc1 c5 17. Bxd4 cxd4 18. a4 Rac8 19. Bg4 Rc7 20. Ra1 Qg5 21. b5 a5 22. Rb1 Bc5 23. Bf3 b6 24. Kh1 g6 25. g3 f5 26. exf5 gxf5 27. Bd5+ Kh8 28. f4 Qg6 29. Bf3 Rf8 30. fxe5 dxe5 31. Qe2 Re7 32. Be4 Kg7 33. Bg2 e4 34. dxe4 fxe4 35. Rxf8 Kxf8 36. Re1 e3 37. Bd5 Re5 38. Rf1+ Ke7 39. Qf3 Kd8 40. Bf7 Qe4 41. Bd5 Qxf3+ 42. Bxf3 d3 43. Rd1 d2 44. Be2 Rf5 45. Bg4 Rf2 46. h3 Kc7 47. Kg1 e2 48. Bxe2 Rxe2+ 49. Kf1 Rf2+ 50. Kg1 Rf6+ 51. Kg2 Bb4 52. g4 Re6 53. Rf1 Re1 54. Rf7+ Kd8 55. Rf5 0-1

[Event "Stuttgart-chB int"]
[Site "Ditzingen"]
[Date "2008.05.01"]
[Round "1"]
[White "Groetzinger, Werner"]
[Black "Trobonjaca, Milos"]
[Result "1-0"]
[WhiteElo "1451"]
[BlackElo "1687"]
[PlyCount "146"]
[EventDate "2008.05.01"]
[EventType "swiss"]
[EventRounds "7"]
[EventCountry "GER"]
[SourceTitle "EXT 2018"]
[Source "ChessBase"]
[SourceDate "2017.10.13"]
[SourceVersion "1"]
[SourceVersionDate "2017.10.13"]
[SourceQuality "1"]

1. d4 d5 2. Nf3 Bf5 3. Nc3 Nc6 4. a3 Nf6 5. h3 g6 6. Bf4 a6 7. Nh4 Be6 8. e3 Bg7 9. Bd3 0-0 10. Nf3 Nh5 11. Bh2 Na5 12. Ng5 Bc8 13. 0-0 Bf6 14. Nf3 Nc4 15. Bxc4 dxc4 16. a4 c6 17. Nd2 Be6 18. Nce4 Bg7 19. Nc5 Qc8 20. g4 Nf6 21. Qe2 b5 22. c3 h5 23. Nxe6 Qxe6 24. f3 Bh6 25. e4 Nh7 26. f4 f5 27. g5 Bg7 28. e5 Rfe8 29. Nf3 Nf8 30. Rfd1 Red8 31. a5 Rd5 32. Ne1 Rdd8 33. Nc2 Rdc8 34. Qf3 Kh7 35. Nb4 Qd7 36. Kg2 e6 37. Bg1 Qe8 38. Rab1 Rc7 39. b3 cxb3 40. Rxb3 Qc8 41. h4 Rca7 42. d5 cxd5 43. Bxa7 Rxa7 44. Qe3 Rc7 45. Rc1 Nd7 46. Ra3 Rc4 47. Na2 Nc5 48. Nb4 Ne4 49. Na2 d4 50. cxd4 Qf8 51. Rxc4 bxc4 52. Qc1 Qa8 53. Rf3 Qd5 54. Nc3 Qxd4 55. Nxe4 Qxe4 56. Kg3 Qd4 57. Rc3 Bf8 58. Rxc4 Qd3+ 59. Kg2 Qe2+ 60. Kg1 Qg4+ 61. Kf1 Qh3+ 62. Ke2 Qxh4 63. Rc7+ Bg7 64. Qc4 Qh2+ 65. Kd3 Qg3+ 66. Kc2 Qf2+ 67. Kb3 Qf3+ 68. Kb4 h4 69. Rxg7+ Kxg7 70. Qc7+ Kf8 71. Qd8+ Kg7 72. Qe7+ Kh8 73. Qf6+ Kh7 1-0

[Event "Stuttgart-chB int"]
[Site "Ditzingen"]
[Date "2008.05.01"]
[Round "3"]
[White "Naundorf, Jo Jan"]
[Black "Trobonjaca, Milos"]
[Result "0-1"]
[WhiteElo "1479"]
[BlackElo "1687"]
[PlyCount "148"]
[EventDate "2008.05.01"]
[EventType "swiss"]
[EventRounds "7"]
[EventCountry "GER"]
[SourceTitle "EXT 2018"]
[Source "ChessBase"]
[SourceDate "2017.10.13"]
[SourceVersion "1"]
[SourceVersionDate "2017.10.13"]
[SourceQuality "1"]

1. e4 e5 2. Nf3 Nc6 3. Bb5 Nf6 4. 0-0 Bc5 5. Bxc6 bxc6 6. Nxe5 0-0 7. Nc3 Bb7 8. d4 Bb6 9. Bg5 d5 10. Ng4 dxe4 11. Nxf6+ gxf6 12. Bh6 Kh8 13. Bxf8 Qxf8 14. Nxe4 Qg7 15. Ng3 Rd8 16. c3 c5 17. Re1 f5 18. f4 h6 19. Kh1 cxd4 20. cxd4 Rxd4 21. Re8+ Kh7 22. Qc2 Rxf4 23. Nh5 Qg5 24. Nxf4 Qxf4 25. Re2 Be4 26. Qd2 Qg4 27. Rae1 c6 28. Qd7 Bd5 29. Qe7 h5 30. Rd2 Bxa2 31. h3 Qf4 32. Rd7 Qf2 33. Qe2 Qh4 34. Qe8 Kg7 35. Qe5+ Kg8 36. Qb8+ Kh7 37. Re8 Bd4 38. Rxa7 Qf2 39. Kh2 Qg1+ 40. Kg3 Bf2+ 41. Kf4 Qc1+ 42. Kxf5 Bb1+ 43. Re4 Bxe4+ 44. Kxe4 Qe3+ 45. Kf5 Qxa7 46. Qe8 Qc5+ 47. Kf4 Qd5 48. Qe2 Bc5 49. Qc2+ Kg7 50. Kg3 Bd6+ 51. Kf2 Qc5+ 52. Qxc5 Bxc5+ 53. Kf3 Kg6 54. Ke4 Bf2 55. Kf3 Bg1 56. b3 f5 57. g4 fxg4+ 58. hxg4 h4 59. Kf4 Bh2+ 60. Kf3 Kg5 61. Kg2 Bg3 62. Kh3 Kf4 63. Kg2 Kxg4 64. Kg1 Kf4 65. Kg2 Ke4 66. b4 Kd4 67. b5 cxb5 68. Kh1 b4 69. Kg2 b3 70. Kh3 b2 71. Kg2 b1Q 72. Kh3 Qf5+ 73. Kg2 Ke3 74. Kh1 Qf1# 0-1